| 000 | 01691nam a22003497a 4500 | ||
|---|---|---|---|
| 001 | 055f55a8-9e63-44ea-983f-9becf68406ec | ||
| 003 | KnowledgeUnlatched | ||
| 005 | 20210303104747.0 | ||
| 006 | m o d | ||
| 007 | cr u|||||||||| | ||
| 008 | 210129p20192020xxk o u00| u eng d | ||
| 037 | _5BiblioBoard | ||
| 245 | 0 | 2 |
_aA Monument to Medieval Syrian Book Culture _bThe Library of Ibn ʿAbd al-Hādī / _cKonrad Hirschler. |
| 020 | _a9781474451567 | ||
| 029 | 1 | _ahttps://library.biblioboard.com/ext/api/media/055f55a8-9e63-44ea-983f-9becf68406ec/assets/thumbnail.jpg | |
| 040 |
_aScCtBLL _cScCtBLL |
||
| 100 | 1 |
_aHirschler, Konrad _eauthor. |
|
| 264 | 1 | _bEdinburgh University Press, | |
| 300 | _a1 online resource (1 p.) | ||
| 506 | 0 |
_aAccess copy available to the general public. _fUnrestricted _2star |
|
| 520 | _aThis book discusses the largest private book collection of the pre-Ottoman Arabic Middle East for which we have both a paper trail and a surviving corpus of the manuscripts that once sat on its shelves: the Ibn ʿAbd al-Hādī Library of Damascus. | ||
| 588 | 0 | _aDescription based on print version record. | |
| 590 | _aKU Open Services | ||
| 650 | 7 |
_aHistory / Europe / Medieval _2bisacsh |
|
| 650 | 0 | _aHistory | |
| 655 | 0 | _aElectronic books. | |
| 758 |
_iIs found in: _aKnowledge Unlatched _1https://openresearchlibrary.org/module/2774bc74-146a-484f-a7ba-ab1d6a09bbfb |
||
| 856 | 4 | 0 |
_uhttps://openresearchlibrary.org/content/055f55a8-9e63-44ea-983f-9becf68406ec _zView this content on Open Research Library. _70 |
| 999 |
_c32542 _d32542 |
||